[Event "FRA-chT3 Gr8 0102"]
[Site "France"]
[Date "2002.01.20"]
[Round "5"]
[White "Salvador, Christine"]
[Black "Dutilleul, Marc"]
[Result "1-0"]
[WhiteElo "1450"]
[BlackElo "1400"]
[PlyCount "46"]
[EventDate "2001.10.??"]
[EventType "team"]
[EventRounds "9"]
[EventCountry "FRA"]
[SourceTitle "EXT 2005"]
[Source "ChessBase"]
[SourceDate "2004.11.15"]
[SourceVersion "1"]
[SourceVersionDate "2004.11.15"]
[SourceQuality "1"]

1. d4 Nf6 2. Nf3 c5 3. d5 d6 4. c4 e6 5. Nc3 exd5 6. cxd5 Bf5 7. Bg5 Nbd7 8. e4 Bg4 9. Be2 h6 10. Bh4 Be7 11. h3 Bh5 12. 0-0 0-0 13. Rc1 Nxe4 14. Bxe7 Qxe7 15. Nxe4 Qxe4 16. Rc4 Qe7 17. Re1 Bg6 18. Bd3 Qd8 19. Bxg6 fxg6 20. Qd3 Kh7 21. Re6 Nf6 22. Nh4 Qd7 23. Nxg6 Qf7 1-0